00738nam a2200181 a 4500008004100000245007600041246003800117260007400155300002900229504005300258650005300311650004300364710004600407710007600453003000100529005001700530040000900547 00aTransboundary natural resources conflict management in southern Africa.17aTransboundary conflict management aHarare, Zimbabwe :bIUCN, Regional Office for Southern Africa,c2002. a116 p. :bmaps ;c24 cm. aIncludes bibliographical references: p. 109-116. 0aNatural resourceszAfrica, SouthernxManagement. 0aConflict managementzAfrica, Southern.2 aIUCN Regional Office for Southern Africa.2 aSouthern Africa Network for Transboundary Natural Resources Management.20230123133909.0 cNUST